The best English in the world! - Statistics

General Stats
  • This quiz has been taken 52 times
  • The average score is 23 of 41
Answer Stats
Hint Answer % Correct
17. UK
100%
37. United States
98%
14. Canada
90%
28. Australia
88%
1. Ireland
84%
9. New Zealand
82%
23. Sweden
80%
8. Germany
78%
5. Denmark
74%
32. Italy
74%
37. Spain
74%
2. Netherlands
72%
23. Norway
72%
32. Poland
72%
14. Finland
70%
2. South Africa
70%
5. Belgium
68%
20. India
68%
9. Iceland
66%
17. Portugal
62%
5. Switzerland
62%
2. Austria
56%
9. Singapore
52%
20. Greece
50%
9. Estonia
48%
9. Luxembourg
46%
28. Hungary
40%
23. Israel
40%
14. Slovenia
40%
37. Slovakia
38%
32. Romania
36%
23. Croatia
34%
23. Pakistan
32%
32. Bulgaria
30%
37. Czech Republic
30%
28. Argentina
28%
32. Malaysia
26%
37. Philippines
18%
28. Zimbabwe
16%
17. Uruguay
14%
20. Costa Rica
4%
No matching quizzes found
Score Distribution
Percent of People with Each Score
Percentile by Number Answered
Your Score History
You have not taken this quiz